Online
Catalog

La Declaración universal de derechos humanos en Cuba / (Record no. 13661)

MARC details
000 -CABECERA
campo de control de longitud fija 00801cam a2200229 a 4500
001 - NÚMERO DE CONTROL
campo de control 000014059
005 - FECHA Y HORA DE LA ÚLTIMA TRANSACCIÓN
campo de control 20200929163445.0
008 - DATOS DE LONGITUD FIJA--INFORMACIÓN GENERAL
campo de control de longitud fija 920328s1991 cu b 000 0 spa
040 ## - FUENTE DE LA CATALOGACIÓN
Centro catalogador/agencia de origen DO-SdBNP
Centro/agencia transcriptor DLC
043 ## - CÓDIGO DE ÁREA GEOGRÁFICA
Código de área geográfica nwcu---
082 ## - NÚMERO DE LA CLASIFICACIÓN DECIMAL DEWEY
Número de clasificación 323.47291
Número de documento/Ítem D295
049 ## - FONDOS LOCALES (OCLC)
Fondos de biblioteca BNGR
245 03 - MENCIÓN DE TÍTULO
Título La Declaración universal de derechos humanos en Cuba /
Mención de responsabilidad, etc. edición, Bárbara Castillo Pedroso.
260 ## - PUBLICACIÓN, DISTRIBUCIÓN, ETC.
Lugar de publicación, distribución, etc. La Habana, Cuba :
Nombre del editor, distribuidor, etc. Política,
Fecha de publicación, distribución, etc. 1991.
300 ## - DESCRIPCIÓN FÍSICA
Extensión 217 p. ;
Dimensiones 17 cm.
504 ## - NOTA DE BIBLIOGRAFÍA, ETC.
Nota de bibliografía, etc. Incluye referencias bibliográficas.
650 #4 - PUNTO DE ACCESO ADICIONAL DE MATERIA--TÉRMINO DE MATERIA
Término de materia o nombre geográfico como elemento de entrada Derechos humanos
Subdivisión geográfica Cuba.
9 (RLIN) 31853
650 #4 - PUNTO DE ACCESO ADICIONAL DE MATERIA--TÉRMINO DE MATERIA
Término de materia o nombre geográfico como elemento de entrada Derechos civiles
Subdivisión geográfica Cuba
9 (RLIN) 30073
610 20 - PUNTO DE ACCESO ADICIONAL DE MATERIA--NOMBRE DE ENTIDAD CORPORATIVA
Nombre de entidad corporativa o nombre de jurisdicción como elemento de entrada ESTADOS UNIDOS.
Unidad subordinada General Assembly.
Título de la obra Universal Declaration of Human Rights.
9 (RLIN) 31854
700 1# - PUNTO DE ACCESO ADICIONAL--NOMBRE DE PERSONA
Nombre de persona Castillo Pedroso, Bárbara.
Término indicativo de función/relación ed.
9 (RLIN) 31855
910 ## - DATOS DE OPCIÓN DEL USUARIO (OCLC)
Datos de opción del usuario Catalogación derivada
Holdings
Estado de retiro Estado de pérdida Restricciones de uso No para préstamo Código de colección Localización permanente Ubicación/localización actual Ubicación en estantería Fecha de adquisición Número de inventario Total de préstamos Signatura topográfica completa Código de barras Fecha visto por última vez Precio válido a partir de Tipo de ítem Koha
    Préstamo interno   Monografías: Libros y Folletos General General En catalogación 02.12.2009 LF1   323.47291 D295 14059-10 25.06.2020 25.06.2020 Préstamo interno

Powered by Koha